| 000 | 00796nam a22002297a 4500 | ||
|---|---|---|---|
| 005 | 20240530110608.0 | ||
| 008 | 160611s2013 ua f 000 0 ara d | ||
| 017 |
_a2013/19288 _bمصر . دار الكتب المصرية |
||
| 020 | _a9789774278594 | ||
| 040 | _aEG-CaGPL | ||
| 082 | 0 | 4 |
_221 _a302 _bق/ج ت |
| 100 | 0 | _aجابر عصفور | |
| 245 | 1 | 0 |
_aللتنوير و الدولة المدنية / _cجابر عصفور |
| 250 | _aط1. | ||
| 260 |
_aالقاهرة : _bالدار المصرية اللبنانية ، _c2013 . |
||
| 300 |
_a462 ص ؛ _c24 سم . |
||
| 650 | 0 | 4 | _aالتنوير . |
| 651 | 0 | 4 |
_aمصر _vمقالات و محاضرات . |
| 651 | 0 | 4 |
_aمصر _xالاحوال السياسية . |
| 942 |
_2ddc _cBK |
||
| 999 |
_c62808 _d62808 |
||